Southville International School and Colleges
Your cart is empty.
  • Cart
  • Lists
    Public lists Eva Luna New books Lux_list list_1
    Your lists Log in to create your own lists
  • Log in to your account
  • Your cookies
  • Search history
Southville International School and Colleges
  • Advanced search
  • Recent comments
  • Most popular
  • Libraries

Log in to your account

Log in with GOOGLE


If you do not have an external account, but do have a local account, you can still log in:

  1. Home
  2. MARC view: Baguio Calligraphy. /
Normal view MARC view ISBD view

Baguio Calligraphy. / (Record no. 24666)

[ view plain ]
MARC details
000 -LEADER
fixed length control field 00627nam a2200205 a 4500
005 - DATE AND TIME OF LATEST TRANSACTION
control field 20140310183533.0
008 - FIXED-LENGTH DATA ELEMENTS--GENERAL INFORMATION
fixed length control field 110926s19uu xx 00 eng d
020 ## - INTERNATIONAL STANDARD BOOK NUMBER
International Standard Book Number 978-971-27-2292-9
050 ## - LIBRARY OF CONGRESS CALL NUMBER
Classification number PR 9550.6
Item number .B149 2010
245 ## - TITLE STATEMENT
Title Baguio Calligraphy. /
Statement of responsibility, etc Macansantos. Francis; Maranan, Luchie B. (editors)
260 ## - PUBLICATION, DISTRIBUTION, ETC. (IMPRINT)
Place of publication, distribution, etc Pasig City, Philippines:
Name of publisher, distributor, etc Anvil,
Date of publication, distribution, etc c2010.
300 ## - PHYSICAL DESCRIPTION
Extent 145 p. :
Dimensions 22 cm.
650 ## - SUBJECT ADDED ENTRY--TOPICAL TERM
Topical term or geographic name as entry element Philippine poetry (English).
650 ## - SUBJECT ADDED ENTRY--TOPICAL TERM
Topical term or geographic name as entry element Filipino poetry.
700 ## - ADDED ENTRY--PERSONAL NAME
Personal name Macansantos. Francis
700 ## - ADDED ENTRY--PERSONAL NAME
Personal name Maranan, Luchie B. (editors)
942 ## - ADDED ENTRY ELEMENTS (KOHA)
Koha item type Books
Source of classification or shelving scheme Library of Congress Classification
Call number prefix Local
Holdings
Withdrawn status Lost status Source of classification or shelving scheme Damaged status Home library Current library Shelving location Date acquired Source of acquisition Total Checkouts Full call number Barcode Date last seen Copy number Price effective from Koha item type
    Library of Congress Classification   Archives Archives   09/26/2011 Donation   PR 9550.6 .B149 2010 C13045 05/08/2018 1 03/10/2014 Books
    Library of Congress Classification   College Library College Library Filipiniana Section 12/14/2013     PR 9550.6 .B149 2010 C13044 05/08/2018 2 12/14/2013 Books

Baguio Calligraphy. /

APA

Macansantos. Francis, Maranan L. B. (., . (2010). Baguio Calligraphy. Pasig City, Philippines: Anvil.

Chicago

Macansantos. Francis, Maranan Luchie B (editors), . 2010. Baguio Calligraphy. Pasig City, Philippines: Anvil.

Harvard

Macansantos. Francis, Maranan L. B. (., . (2010). Baguio Calligraphy. Pasig City, Philippines: Anvil.

MLA

Macansantos. Francis, Maranan Luchie B (editors), . Baguio Calligraphy. Pasig City, Philippines: Anvil. 2010.

  • Place hold
  • Print
  • Cite
  • Add to your cart (remove)
  • Save record
    BIBTEX Dublin Core MARCXML MARC (non-Unicode/MARC-8) MARC (Unicode/UTF-8) MARC (Unicode/UTF-8, Standard) MODS (XML) RIS
  • More searches
    Search for this title in:
    Other Libraries (WorldCat) Other Databases (Google Scholar) Online Stores (Bookfinder.com) Open Library (openlibrary.org)

Exporting to Dublin Core...

SOUTHVILLE LIBRARY

Southville International School and Colleges Library

1281 Tropical Ave. Cor. Luxembourg St., BF Homes International, Las Pinas City

Tel. No. 8256374 / 252358 Loc. 117/146

Powered by Koha